00605 2200229 4500001002100000005001500021035002000036007000300056008004100059020002200100082001000122084001600132100001600148245005500164250001000219260003500229300003200264650002700296520003000323990001100353990001100364INLIS00000000000432420191028093909 a0010-1019000176ta191028 g 0 ind  a978-602-6348-35-7 a639.3 a639.3 IBN p0 aIBNU, Putra1 aPanduan Praktis Beternak Ikan Mujair /cIbnu Putra acet.1 a[s.l] :bAir Publishing,c2016 a103 hlm. :bilus. ;c21 cm. 4aPERIKANAN. IKAN MUJAIR aBibliografi: hlm. 102-103 a7087 a a7087 b